Ekipa - Statystyki

Ogólne statystyki
  • Ten quiz został rozwiązany 2 342 razy
    1 554 od ostatniego zresetowania
  • Średni wynik to 10 z 11
Statystyki odpowiedzi
Ekipowicze % Poprawnych
Friz
99%
Wersow
99%
Tromba
97%
Mini Majk
95%
Murcix
92%
Wujek Łuki
92%
Marcysia
90%
Fusialka
88%
Poczciwy Krzychu
82%
Patecki
80%
Nowciax
64%
Nie znaleziono quizów pasujących do podanych kryteriów
Rozkład punktacji
Procent ludzi z każdym wynikiem
Percentyl według liczby udzielonych odpowiedzi
Twoja historia wyników
Nie rozwiązałeś tego quizu od ostatniego zresetowania